000 00301nam a2200133Ia 4500
008 231129s1967||||xx |||||||||||||| ||spa||
040 _bspa
082 _a891.73 T654mu
100 _aTolstoy León
245 0 _aLa muerte de ivan ilitch
260 _c1967
264 _aJuventud
942 _2ddc
_cBKS
999 _c17662
_d17662